000 00507nam a2200145Ia 4500
008 100122s9999 xx 000 0 und d
082 _b62864
_a294.5
100 _aगोडबोले अरुण
245 _aश्रीदासबोध नित्यपाठ
260 _bकौशिक प्रकाशन
_c2002
300 _a368
630 _aश्रीदासबोध नित्यपाठ
730 _aश्रीदासबोध नित्यपाठ
942 _cBOOK
999 _c437135
_d437132